Born in Maputo - Statistics

General Stats
  • This quiz has been taken 6 times
  • The average score is 4 of 8
Answer Stats
Hint Answer % Correct
Former footballer who played for Benfica and the Portuguese national team, he is considered one of the greatest players of all time 1942 Eusébio
83%
Human rights activist, daughterof the first independant president of Mozambique and step-daughter of Nelson Mandela 1976 Josina Z. Machel
67%
One-time Olympic champion and three-time world champion in the 800 metres running event 1972 Maria Mutola
50%
Portuguese military officer, chief strategist of the Carnation Revolution, candidate for President of Portugal and later sentenced for being a leading member of a leftist terrorist group 1936 Otelo Saraiva de Carvalho
50%
Wife of former U.S. Secretary of State and 2004 presidential nominee John Kerry and widow of former U.S. Senator John Heinz 1938 Teresa Heinz
50%
South African-British singer who was one of Britain's most popular vocalists during the 1930s, "Midnight, the Stars and You" "Goodnight, Sweetheart" "Guilty" 1898 Al Bowlly
33%
Most capped player for the football national team of Mozambique 1983 Domingues
33%
Former footballer and all-time top scorer of the national team of Mozambique 1973 Tico-Tico
17%
No matching quizzes found
Score Distribution
Percent of People with Each Score
Percentile by Number Answered
Your Score History
You have not taken this quiz